00686nam a2200241 a 4500001001300000003000900013005001700022008004100039020002300080082001600103100001800119245002200137260003300159300001000192500003500202505001000237650001800247700001800265902000800283942000700291952012900298999001700427nice12345678IN_TiNIC20260116013903.0050524s1990 newa grp 000 0 eng  a0880297 c10000a297.09bPAY aPayne, Robert aHistory of Islam. aNew YorkbDorset Pressc1990 a335p. aincludes index and biblioraphy2 aIndex aIslam-History1 aPayne, Robert bSRS cBK 001040708StackRoom-aHMIbHMId2011-05-04g100.00l4o297.09 PAYp015314r2019-10-30s2019-10-11v100.00w2005-05-24yBK c12970d12970